000
00291nam a22001097a 4500
082
_a
624.171
_b
JAN/UN
100
_a
Janak P. Parikh
_9
818
245
_a
Understanding Concept of Structural Analysis and Design
260
_a
Anand
_b
Charotar Publishing House
_c
2000
300
_a
285
942
_c
BK
999
_c
14479
_d
14479